La révolution (Record no. 6395)

MARC details
000 -LEADER
campo de control de longitud fija 00790nam a2200253 i 4500
001 - NÚMERO DE CONTROL
campo de control 6395
003 - IDENTIFICADOR DE NÚMERO DE CONTROL
campo de control ES-MaACL
005 - FECHA Y HORA DE LA ÚLTIMA TRANSACCIÓN
campo de control 20250818070626.0
007 - CAMPO FIJO DE DESCRIPCIÓN FÍSICA--INFORMACIÓN GENERAL
campo de control de longitud fija t|
008 - DATOS DE LONGITUD FIJA--INFORMACIÓN GENERAL
campo de control de longitud fija 891009s1988 fr |||| | fre d
020 ## - NÚMERO INTERNACIONAL ESTÁNDAR DEL LIBRO
Número Internacional Estándar del Libro 2-85652-104-5
080 ## - NÚMERO DE LA CLASIFICACIÓN DECIMAL UNIVERSAL
Número de la Clasificación Decimal Universal 323.27
080 ## - NÚMERO DE LA CLASIFICACIÓN DECIMAL UNIVERSAL
Número de la Clasificación Decimal Universal 9(44)"1789/1799"
100 1# - ENTRADA PRINCIPAL--NOMBRE DE PERSONA
Nombre de persona Damenie, Louis.
9 (RLIN) 42563
245 13 - MENCIÓN DEL TÍTULO
Título La révolution
Resto del título : phenomène divin, mécanisme social ou complot diabolique? /
Mención de responsabilidad, etc. Louis Damenie ; preface de Jacques Boislevant.
250 ## - MENCION DE EDICION
Mención de edición 3e ed.
260 ## - PUBLICACIÓN, DISTRIBUCIÓN, ETC.
Lugar de publicación, distribución, etc. Paris :
Nombre del editor, distribuidor, etc. Dominique Martin Morin,
Fecha de publicación, distribución, etc. 1988.
300 ## - DESCRIPCIÓN FÍSICA
Extensión 162 p. ;
Dimensiones 19 cm.
650 17 - PUNTO DE ACCESO ADICIONAL DE MATERIA--TÉRMINO DE MATERIA
Término de materia o nombre geográfico como elemento de entrada Revoluciones
Fuente del encabezamiento o término embne
9 (RLIN) 16897
651 #4 - PUNTO DE ACCESO ADICIONAL DE MATERIA--NOMBRE GEOGRÁFICO
Nombre geográfico Francia-
Subdivisión general Historia-
Subdivisión cronológica 1789-1799, Revolución
9 (RLIN) 241176
700 1# - ENTRADA AGREGADA--NOMBRE PERSONAL
Nombre de persona Boislevant, Jacques.
9 (RLIN) 29862
852 ## - LOCALIZACIÓN
Ubicación ES-MaACL
Número de control de estantería L-13529
Holdings
Estatus retirado Estado de pérdida Estado de daño No para préstamo Biblioteca de origen Biblioteca actual Ubicación en estantería Fecha de adquisición Fuente de adquisición Total de préstamos Signatura topográfica completa Código de barras Visto por última vez Precio de reemplazo Tipo de ítem Koha
        Biblioteca del Ateneo de Madrid Biblioteca del Ateneo de Madrid Depósito 2 17/01/2008     L-13529 1006510 23/02/2023 23/02/2023 Libro impreso